000 01557nas a22003137a 4500
005 20250428182224.0
007 cr
008 250227c1997 -us||||| |||| 00| 0 eng d
022 _a15487660
040 _cAR-FvUNAJ
245 1 0 _aJournal of Statistical Software /
_cFoundation for Open Access Statistics
260 _aCalifornia :
_bFoundation for Open Access Statistics,
_c1997 -
300 _aEn línea
362 _aVol. 1 (1997) -
500 _aLa Universidad de Innsbruck, la Universidad de Zúrich y el Departamento de Estadística de la UCLA proporcionan personal de apoyo, mantenimiento y alojamiento del sitio web de la publicacion y, en parte, apoyo a estudiantes de posgrado.
520 _aRevista de investigaciones y implementación de software en estadísticas, los artículos además del documento textual proveen del Paquete R que corresponda y de Códigos de Replicación.
650 2 4 _9886
_aPYTHON (Lenguaje de Programación)
650 2 7 _2unescot
_9893
_aINFORMATICA
650 2 7 _2saij
_91309
_aSOFTWARE
650 2 4 _2spines
_9302
_aANALISIS ESTADISTICO
650 2 7 _2unescot
_9281
_aESTADISTICA
710 1 _921317
_aFoundation for Open Access Statistics
856 4 0 _uhttps://www.jstatsoft.org/index
856 4 0 _uhttps://www.jstatsoft.org/article/view/v103b02
_yPython and R for the Modern Data Scientist
856 4 0 _uhttps://www.jstatsoft.org/article/view/v035c02
_yPypeR, A Python Package for Using R in Python
869 _a----
942 _2ddc
_cURL
980 _619227
_aLeticia Ana Abalos
_819227
_gLeticia Ana Abalos
999 _c10780
_d10780